Größte Städte Österreichs - Statistiken

Allgemein
  • Dieses Quiz wurde 903 mal gespielt
  • Das Durchschnittsergebnis liegt bei 14 aus 26
Antwortstatistiken
Bundesland Antwort % Korrekt
Wien Wien
100%
Salzburg Salzburg
99%
Steiermark Graz
95%
Oberösterreich Linz
94%
Tirol Innsbruck
93%
Kärnten Klagenfurt am Wörthersee
82%
Vorarlberg Bregenz
75%
Niederösterreich St. Pölten
74%
Kärnten Villach
69%
Vorarlberg Dornbirn
60%
Oberösterreich Wels
58%
Niederösterreich Wiener Neustadt
57%
Vorarlberg Feldkirch
51%
Oberösterreich Steyr
50%
Niederösterreich Krems an der Donau
44%
Steiermark Leoben
41%
Niederösterreich Amstetten
39%
Niederösterreich Baden
34%
Kärnten Wolfsberg
34%
Salzburg Hallein
33%
Niederösterreich Mödling
32%
Niederösterreich Klosterneuburg
28%
Vorarlberg Lustenau
27%
Steiermark Kapfenberg
24%
Oberösterreich Traun
24%
Oberösterreich Leonding
21%
Keine übereinstimmenden Quizze gefunden
Verteilung der Resultate
Anzahl Personen mit jedem Resultat
Perzentil nach korrekt beantworteten Fragen
Ihre Resultats-Entwicklung
Sie haben dieses Quiz noch nicht gespielt